Großstädte in Deutschland A-Z - Städte nach Anfangsbuchstabe - Statistiken

Allgemein
  • Dieses Quiz wurde 66 mal gespielt
  • Das Durchschnittsergebnis liegt bei 20 aus 21
Antwortstatistiken
Buchstabe Stadt % Korrekt
A Augsburg|Aachen
100%
B Berlin|Bremen|Bochum|Bielefeld|Bonn|Braunschweig|Bremerhaven|Bottrop|Bergisch Gladbach
100%
D Düsseldorf|Dortmund|Dresden|Duisburg|Darmstadt
100%
E Essen|Erfurt|Erlangen
100%
F Frankfurt am Main|Freiburg im Breisgau|Fürth
100%
H Hamburg|Hannover|Halle (Saale)|Hagen|Hamm|Herne|Heidelberg|Heilbronn
100%
K Köln|Karlsruhe|Kiel|Krefeld|Kassel|Koblenz|Kaiserslautern
100%
M München|Mannheim|Münster|Mönchengladbach|Magdeburg|Mainz|Mülheim an der Ruhr|Moers
100%
N Nürnberg|Neuss
100%
R Rostock|Regensburg|Reutlingen|Recklinghausen|Remscheid
100%
P Potsdam|Paderborn|Pforzheim
98%
S Stuttgart|Saarbrücken|Solingen|Salzgitter|Siegen
98%
C Chemnitz
97%
W Wuppertal|Wiesbaden|Würzburg|Wolfsburg
97%
J Jena
95%
L Leipzig|Lübeck|Ludwigshafen am Rhein|Leverkusen
95%
O Oberhausen|Oldenburg|Osnabrück|Offenbach am Main
95%
I Ingolstadt
93%
G Gelsenkirchen|Göttingen|Gütersloh
90%
U Ulm
89%
T Trier
85%
Keine übereinstimmenden Quizze gefunden
Verteilung der Resultate
Anzahl Personen mit jedem Resultat
Perzentil nach korrekt beantworteten Fragen
Ihre Resultats-Entwicklung
Sie haben dieses Quiz noch nicht gespielt